000 00618 am a2200217 a 4500
001 31647
003 BD-RjUL
005 20211209051729.0
008 161211s1984 ii b 001 0 eng d
035 _a(BD-RjUL) 31735
040 _aDLC
_cDLC
_beng
_dBD-RjUL
041 _aeng
082 _a153.7
_bHAB 1984
_223
100 1 _aHaq, Jalalul.
_996303
245 1 0 _aBertrand russells philosophy of perception /
_cJalalul Haq.
260 _aNew Delhi :
_bBharatiya Vidya Prakashan,
_c1984.
300 _avii, , 172 p. ;
_c21 cm.
504 _aIncludes bibliographical
650 _aPerception.
_996304
942 _2ddc
_cBK
999 _c31647
_d31647